Quel est ce logo de club de foot : Niveau expert - Statistiques

Statistiques générales
  • Ce quiz a été pris 15 fois
  • Le résultat moyen est 3 sur 10
Statistiques - réponses
Par images Réponse % Correct
Club Athletico Paranaense
50%
FK Vojvodina Novi Sad
50%
Olympique d'Alès en Cévennes
50%
CA Banfield
43%
Calcio Padova
36%
Linfield FC
21%
Qatar SC
21%
AS FAR Rabat
14%
Al-Najma SC
7%
AE Larissa
0%
Aucun quiz correspondant
Distribution des résultats
% des personnes avec chaque résultat
Percentile par nombre de réponses
Votre historique - résultats
Vous n’avez pas pris ce quiz